| 000 | 00729nam a2200229 a 4500 | ||
|---|---|---|---|
| 001 | BRCA_6008 | ||
| 005 | 20190320205310.0 | ||
| 008 | 310311s1955----si-ab#####---#000-0#eng-# | ||
| 041 | _aeng | ||
| 044 | _asi | ||
| 050 | 4 |
_aDS598 .S7 _b.G84 1955 |
|
| 245 | 1 | 0 |
_aGuide to Singapore and spotlight on Malaya _ceditor Aristide J. G. Papineau. |
| 250 | _a8 | ||
| 260 |
_aSingapure _bPapineau Studios _c[1955] |
||
| 300 |
_axliii, 192 p. _bil. (algunas a color), mapas _c21 cm. |
||
| 500 | _aG117A | ||
| 651 | 4 |
_aSingapur _vGuías de viajeros _xDescripción y viajes _915175 |
|
| 651 | 4 |
_aMalasia _vGuias de viajeros _xDescripción y viajes _915176 |
|
| 700 | 1 |
_aPapineau, Aristide J. G. _eed. _915177 |
|
| 902 | _aGFM | ||
| 942 |
_2lcc _cB |
||
| 999 |
_c5697 _d5697 |
||